Requisitos de reglamento para concreto estructural (ACI 318S-08) y comentario : versión en español y en sistema métrico

Uloženo v:
Podrobná bibliografie
Korporativní autor: American Concrete Institute (Estados Unidos)
Médium: Kniha
Vydáno: Farmington Hills, Mich. : American Concrete Institute c2008.
Témata:
Tagy: Přidat tag
Žádné tagy, Buďte první, kdo vytvoří štítek k tomuto záznamu!

MARC

LEADER 00000nam a2200000Ia 4500
003 000138
005 20221231144022.0
008 140114s2008 miua 000 ||s d
040 |c cru CEDI 
082 |a 624.183.41 R427r 
110 |9 18849  |a American Concrete Institute (Estados Unidos)  
245 |a Requisitos de reglamento para concreto estructural (ACI 318S-08) y comentario : versión en español y en sistema métrico 
246 |a ACI 318S-08  
260 |a  Farmington Hills, Mich. : American Concrete Institute  |c  c2008.  
300 |a  518 páginas : ilustraciones  
500 |a Tomado de la cubierta Es un estándar del ACI--Cumple con la norma ISO 19338:2007(E)--Traducción de: Performance and assessment requirements for desing standards on structural concrete  
650 |x CONSTRUCCIONES DE HORMIGON   |x HORMIGON ARMADO   |x DISEÑO  |9 18850 
942 |2 ddc  |c BK 
999 |c 15690  |d 15690